Statistics for How many school subjects can you name?

Click here to take the quiz!

General Stats

  • This quiz has been taken 64 times
  • The average score is 19 of 132

Answer Stats

Answer% Correct
English
92%
Mathematics
92%
History
87%
Spanish
81%
Physical Education
79%
Biology
77%
French
77%
Geography
77%
Physics
75%
Chemistry
74%
German
72%
Art
70%
Science
70%
Music
57%
Algebra
49%
Literature
45%
Psychology
45%
Economics
43%
Geometry
43%
Language
40%
Health
36%
Sociology
34%
Drama
32%
Social Studies
32%
Computer Science
30%
Business
28%
Philosophy
25%
Geology
21%
Reading
21%
Astronomy
19%
Photography
17%
Politics
17%
Language Arts
13%
Engineering
11%
Accounting
9%
Finance
9%
Earth Science
8%
American Sign Language
6%
Education
6%
Nursing
6%
Political Science
6%
Anthropology
4%
Communication
4%
Criminal Justice
4%
Fashion
4%
Humanities
4%
Linguistics
4%
Marketing
4%
Nutrition
4%
Bookkeeping
2%
Culinary Arts
2%
Kinesiology
2%
Life Science
2%
Management
2%
Special Education
2%
Additive Manufacturing
0%
Administrative Assistant
0%
Air Conditioning and Refrigeration Service
0%
Apparel Construction
0%
Architectural Studies
0%
Audio
0%
Biological Science
0%
CNA
0%
Community Health Worker
0%
Computed Tomography
0%
Computer Numerical Control (CNC)
0%
Computer Support Technician
0%
Construction
0%
Dental Hygiene
0%
Desktop Publishing
0%
Diagnostic Cardiac Sonography
0%
Diagnostic Medical Sonography
0%
Dietetic Internship
0%
Drone Technlogy
0%
Early Childhood Education
0%
Electronics Engineering Technology
0%
Elementary Education
0%
eMarketing
0%
Emergency and Disaster Management
0%
Emergency Medical Services
0%
Entrepreneurship
0%
Family Child Care
0%
Fast Track
0%
Fine Arts
0%
Fire Science Technology
0%
Food Service Management
0%
Forensic Science
0%
GED
0%
Graphic Arts Technology
0%
Health Care Office Manager
0%
Honors Program
0%
Hospitality Management
0%
Hotel Management
0%
HSE Preparation
0%
Human Resource Management
0%
Industrial Electronics Maintenance
0%
Information Systems
0%
Insurance
0%
Interior Design
0%
International Business
0%
Inventory
0%
Japanaese
0%
Justice Administration
0%
Kitchen and Bath Specialty
0%
Law Enforcement and Justice Administration
0%
Learning Communities
0%
Liberal Arts
0%
Logistics
0%
LPN
0%
Maintenance Technology
0%
Mammography
0%
Manufacturing Technologies
0%
Massage Therapy
0%
Mass Communication
0%
Mechatronics
0%
Medical Assistant
0%
Middle School Education
0%
Mobile App Foundations
0%
MRI
0%
Network Administration
0%
Package Design
0%
Paramedic
0%
Personal Training
0%
Phlebotomy
0%
Pipe Welding
0%
Procurement
0%
Public Health
0%
Radiologic Technology
0%
Sonography
0%
Surgical Technology
0%

Score Distribution

Percentile by Number Answered

Percent of People with Each Score

Your Score History

You have not taken this quiz